Gestão do risco e seguro na agricultura brasileira (Record no. 9)

MARC details
000 -LÍDER
campo de controle de tamanho fixo 00852nam a22002534a 4500
001 - NÚMERO DE CONTROLE
campo de controle 000081187
005 - DATA E HORÁRIO DA ÚLTIMA TRANSAÇÃO
campo de controle 20250109105213.0
008 - CAMPO DE DADOS FIXOS--INFORMAÇÃO GERAL
campo de controle de tamanho fixo por
020 ## - ISBN - INTERNATIONAL STANDARD BOOK NUMBER
ISBN - International Standard Book Number 311978857052519
082 ## - CDD - CLASSIFICAÇÃO DECIMAL DE DEWEY
Número de Classificação 368.100981
094 ## -
-- bndigital00172
095 ## -
-- Livro
245 ## - TÍTULO
Título Gestão do risco e seguro na agricultura brasileira
260 ## - PUBLICAÇÃO, DISTRIBUIÇÃO, ETC.
Local de publicação, distribuição, etc. Rio de Janeiro, RJ
Nome do editor, distribuidor, etc. FUNENSEG
Data da publicação, distribuição, etc. 2011
300 ## - DESCRIÇÃO FÍSICA
Extensão 311 p.
500 ## - NOTA GERAL
Nota geral Organização de Antônio Márcio Buainain, Pedro Abel Vieira e Wady José Mourão Cury; colaboração de Carolina Nesper Pereira.
540 ## - NOTA SOBRE OS TERMOS RELATIVOS AO USO E REPRODUÇÃO
Termos que gerenciam o uso e a reprodução Biblioteca Nacional (Brasil)
650 ## - ASSUNTO--TERMO TÓPICO
Cabeçalho tópico ou nome geográfico Seguro agrícola
650 ## - ASSUNTO--TERMO TÓPICO
Cabeçalho tópico ou nome geográfico Insurance, Agricultural
990 ## - EQUIVALÊNCIAS OU REFERÊNCIAS CRUZADAS [LOCAL, CANADÁ]
Link (vínculo) para os campos 9XX Livro

No items available.

Powered by Koha